• 首页
  • 本馆介绍
  • 公告通知
  • 最新文献
  • 馆藏检索
  • 电子资源
  • 读者导购
  • 参考咨询
  • 我的图书馆
  • 登录
  • 详细信息显示
  • 放入我的书架
  • 预约/预借图书
  • 作者相关作品
  • 分类相关作品
  • 丛书相关作品
  • 出版社相关作品

书目信息

  • 表格格式
  • 工作单格式
  • 卡片格式
题名:
法纪检察案件三百例
    
 
作者: ;最高人民法院二厅 编
分册:  
出版信息: 北京   光明日报出版社  1986
页数: 355页
开本: 19cm
丛书名:
单 册:
中图分类: D924.305 , D924.05
科图分类:
主题词: 刑事犯罪-案例--中国 , 案例-刑事犯罪--中国 , 法律--中国
电子资源:
ISBN:
000 00776nam0 2200277 45
001 0186020152
005 20040425134701.3
010    @dCNY1.95
091    @a6263.021
100    @a19900802d1986 em y0chiy0121 ea
101 0  @achi
102    @aCN@b110000
105    @ay z 000yy
106    @ar
200 10 @a法纪检察案件三百例@Afa ji jian cha an jian san bai li@f最高人民法院二厅编
210    @a北京@c光明日报出版社@d1986
215    @a355页@d19cm
606    @a刑事犯罪-案例@y中国
606    @a案例-刑事犯罪@y中国
606 0  @a法律@x中国
690    @aD924.305@v3
690    @aD924.05
711 02 @a最高人民法院二厅@Azui gao ren min fa yuan er ting@4编
801  0 @aCN@b深圳图书馆@c20040425
801  2 @aCN@bNLC@c20040425
905    @f2@b205126-127@dD924.05@e115
    
    法纪检察案件三百例/最高人民法院二厅编.-北京:光明日报出版社,1986
    355页;19cm
    
    
    ISBN :CNY1.95
    
●
相关链接 在E读中查询图书 在五车中查询图书 在当当中查询图书 在豆瓣中查询图书


正题名:法纪检察案件三百例     索取号:D924.05/115         预约/预借

序号 登录号 条形码 馆藏地/架位号 状态 备注
1 0205126   001256232   密集书库/ [索取号:D924.05/115] 在馆    
2 0205127   001256198   第一借阅区/ [索取号:D924.05/115] 在馆    
3 0205128   001256580   第一样本阅览室/ [索取号:D924.05/115] 在馆    
欢迎您!
大连网信软件有限公司© 版权所有